zpět

Detail výsledku týmu

Šalanda Assen, Ostrava

Datum a čas kvízu

28 Celkem bodů Celkový počet nahraných bodů na tomto kvízu bez doplňovacích otázek.
3. Pořadí na kvízu Konečné umístění týmu na tomto kvízu.

Zaznamenané odpovědi

# Otázka Odpověď Body Výsledky
1. Ve čtvrtek se konala inaugurac... Dagmar Havlová 0
2. V jistém evropském hlavním měs... v Berlíně 0
3. Ve středu odstartovala na TV N... Pohlreich / Pohlreichův 1
4. Skupina ČEZ postaví největší a... v Ostravě 0
5. Minulý týden začaly zápasy pře... 1D 2B 3A 4C 0
6. Definicí oblasti Skandinávie j... Modrozubý 0
7. Národní doména České republiky... .se 0
8. Poronkäristys je laponská spec... sobí maso 0
9. Za nejvýznamnějšího norského s... Domeček pro panenky 1
10. Poslední otázka se bude týkat... C 1